000 00611nam a2200181Ia 4500
008 090124s9999 xx 000 0 und d
082 _b46050
100 _aदिवाण वृंदा
245 _a श्वासापासून श्वासापर्यत
250 _a1
260 _c2007
300 _a204
600 _aदिवाण वृंदा
630 _a श्वासापासून श्वासापर्यत
700 _aदिवाण वृंदा
730 _a श्वासापासून श्वासापर्यत
942 _cBOOK
999 _c112244
_d112244